000 00774nam a2200229Ia 4500
003 OSt
005 20220923220504.0
006 a|||||r|||| 00| 0
007 ta
008 220922b |||||||| |||| 00| 0 hin d
024 _a186,938
037 _cTextual
040 _aARTS
_cARTS
_bhin
041 _2hin
_ahin
082 _aX:P111:4k, 152L3 (RR)
100 _aरूदद्रत; श्रवणकुमार सिंह
245 0 _aअर्थशास्त्र पारिभाषिक शबद्कोश
246 _aArthashāstra pāribhāṣhik shabadkosha
260 _c1973
942 _hX:P111:4k, 152L3 (RR)
_cTEXL
_2CC
999 _c340181
_d340181